A Short course on functional equations : based upon recent applications to the social behavioral sciences
Αποθηκεύτηκε σε:
| Κύριος συγγραφέας: | |
|---|---|
| Μορφή: | Βιβλίο |
| Γλώσσα: | English |
| Δημοσίευση: |
Dordrecht :
D. Reidel Publishing Company,
c1987
|
| Σειρά: | Theory and decision library. Mathematical and statistical methods ;
; Series B |
| Θέματα: | |
| Ετικέτες: |
Προσθήκη ετικέτας
Δεν υπάρχουν, Καταχωρήστε ετικέτα πρώτοι!
|
MARC
| LEADER | 00000nam a2200000 i 4500 | ||
|---|---|---|---|
| 001 | 1/44240 | ||
| 008 | 950518s1987 eng d | ||
| 020 | |a 90-277-2377-X | ||
| 035 | |a 1995 |c ΑΥΓΕΡΙΝΟΣ |l 10042233 | ||
| 040 | |a GR-MY-UA |b gre |e aacr | ||
| 041 | 0 | |a eng | |
| 082 | 0 | |a 515.25 | |
| 100 | 1 | |a Aczel, J. | |
| 245 | 1 | 2 | |a A Short course on functional equations : |b based upon recent applications to the social behavioral sciences / |c J. Aszel |
| 260 | |a Dordrecht : |b D. Reidel Publishing Company, |c c1987 | ||
| 300 | |a 169 p.; |b ill.; |c 23 cm. | ||
| 490 | 1 | |a Theory and decision library. Mathematical and statistical methods |v ; Series B | |
| 500 | |a Includes bibliographical references and indexes | ||
| 650 | 0 | 0 | |a Economics, Mathematical. |
| 650 | 0 | 0 | |a Functional equations. |
| 650 | 0 | 0 | |a Social sciences |x Mathematics. |
| 830 | 0 | |a Theory and decision library. Mathematical and statistical methods ; |v ; Series B | |
| 852 | |a INST |b SAMOS |e 19950518 |h 515.25 ACZ |p 005300005477 |q 005300005477 |t BK |y 0 | ||
| 909 | |a Σ |b 038950 | ||